00431cam a22001337a 4500008004000000082001500040100001900055245005500074260002300129300001000152650003000162999001900192952008600211180718b1981 xxu||||| |||| 00| 0 eng d aA6x59 Sa72 aSardesai, D.R. aSoutheast Asia: past and presentcby D.R. Sardesai aDelhibVikasc1981 a485p. aAsia, Southeast - History c353501d353501 00104070aIIPAbIIPAd1993-12-03oA6x59 Sa72p57620r2018-07-21w2018-07-21yBK